José Echegaray y Eizaguirre (1832-1916). (Record no. 190388)

MARC details
000 -LEADER
campo de control de longitud fija 01396nab a2200229 i 4500
001 - NÚMERO DE CONTROL
campo de control 190388
003 - IDENTIFICADOR DE NÚMERO DE CONTROL
campo de control ES-MaACL
005 - FECHA Y HORA DE LA ÚLTIMA TRANSACCIÓN
campo de control 20240216063047.0
008 - DATOS DE LONGITUD FIJA--INFORMACIÓN GENERAL
campo de control de longitud fija 210120s2016 sp a 001 0dspa d
040 ## - FUENTE DE CATALOGACIÓN
Centro/agencia transcriptor ES-MaACL
245 00 - MENCIÓN DEL TÍTULO
Título José Echegaray y Eizaguirre (1832-1916).
505 ## - NOTA DE CONTENIDO CON FORMATO
Nota de contenido con formato José Echegaray, ateneísta, pionero del regeneracionismo e ingeniero ferroviario ; Ingenieros de caminos socios o colaboradores del Ateneo de Madrid (1835-1914) / Fernando Sáenz Ridruejo, p. 44-55 . Viaje musical por la vida del polifacético ingeniero José Echegaray y Eizaguirre [pieza dramática breve sobre Echegaray, su estreno tuvo lugar en el Ateneo de Madrid el 14 de septiembre de 2016, dentro de los actos de celebración del Centenario de Echegaray] / Fernando Mínguez Izaguirre, p. 88-93
600 14 - PUNTO DE ACCESO ADICIONAL DE MATERIA--NOMBRE DE PERSONA
Nombre de persona Echegaray, José,
Fechas asociadas al nombre 1832-1916
9 (RLIN) 46526
610 27 - PUNTO DE ACCESO ADICIONAL DE MATERIA--NOMBRE DE ENTIDAD CORPORATIVA
Nombre de entidad corporativa o nombre de jurisdicción como elemento de entrada Ateneo de Madrid-
Subdivisión general Actos culturales-
Subdivisión cronológica 2016
9 (RLIN) 170942
700 1# - ENTRADA AGREGADA--NOMBRE PERSONAL
Nombre de persona Sáenz Ridruejo, Fernando.
9 (RLIN) 227014
Término indicativo de función/relación Autor
700 1# - ENTRADA AGREGADA--NOMBRE PERSONAL
Nombre de persona Mínguez Izaguirre, Fernando.
9 (RLIN) 227015
Término indicativo de función/relación Autor
710 2# - ENTRADA AGREGADA--NOMBRE DE ENTIDAD CORPORATIVA
Nombre de entidad corporativa o nombre de jurisdicción como elemento de entrada Colegio de Ingenieros de Caminos, Canales y Puertos
9 (RLIN) 139226
773 0# - ASIENTO DE ITEM FUENTE
Número de control del registro (SpMaBN)193434
Número bibliográfico anfitrión 193434
Título Revista de obras públicas,
Lugar, editor y fecha de publicación Madrid : Colegio de Ingenieros de Caminos, Canales y Puertos, 2016,
Número Internacional Normalizado para Publicaciones Seriadas ISSN 0034-8619,
Parte(s) relacionada(s) nov., 2016, n. 3581, p. 6-98
Número de ítem anfitrión 2012
942 ## - ELEMENTOS DE ENTRADA SECUNDARIOS (KOHA)
Tipo de ítem Koha Artículo de revista
Fuente del sistema de clasificación o colocación Clasificación decimal universal
Suprimir en OPAC No

No items available.